[Event "GER-ch Blitz Women 2020"]
[Site "Magdeburg"]
[Date "2020.08.15"]
[Round "8.1"]
[White "Paehtz, Elisabeth"]
[Black "Zeller, Elisa"]
[Result "1-0"]
[WhiteElo "2473"]
[BlackElo "1969"]
[Annotator "TA"]
[PlyCount "77"]
[EventDate "2020.07.28"]
[EventType "tourn"]
[EventCountry "GER"]
[SourceTitle "playchess.com"]
[Source "ChessBase"]
[SourceQuality "1"]

{[%evp 11,77,1,27,0,32,42,54,22,19,26,22,-2,4,0,0,0,97,63,83,51,61,27,112,114,118,118,176,174,222,142,147,147,152,56,68,64,150,140,251,122,243,225,248,241,365,351,507,501,487,471,571,537,966,1066,1017,977,1021,1018,1016,1009,876,828,1892,1872,1724,1679,2890,1272]} 1. d4 d5 2. Bf4 Nf6 3. e3 e6 4. Nf3 c5 5. c3 Nc6 6. Nbd2 Bd7 7. Bd3 {D02: 1 d4 d5 2 Nf3 sidelines, including 2...Nf6 3 g3 and 2...Nf6 3 Bf4.} c4 8. Bc2 Be7 9. h3 {White is slightly better.} b5 10. a3 a5 {[#]} 11. Qe2 $146 ({Predecessor:} 11. Ne5 b4 12. O-O b3 13. Bb1 a4 14. Bh2 Bd6 15. f4 h5 16. Qf3 h4 17. Ndxc4 {1-0 (29) Kerem,H (1741)-Avci,I Manavgat 2015}) 11... O-O 12. e4 dxe4 13. Nxe4 Nxe4 (13... Nd5 $11 14. Bg3 Qb6) 14. Qxe4 {[%csl Gc2][%cal Re4h7] [#]} g6 15. Bh6 Re8 $1 16. h4 f5 (16... e5 $11 {remains equal.} 17. dxe5 Nxe5) 17. Qe3 $16 Bf6 {[#] Black wants to play ...e5.} 18. Ne5 $1 Nxe5 (18... Qc7 $16) 19. dxe5 $18 Bg7 20. h5 {Threatens to win with Bxg7.} Bxh6 21. Qxh6 g5 22. Rd1 (22. O-O-O $16) 22... Qe7 $14 23. Rd6 Rad8 {Black is now going downhill.} (23... Rac8 $14) 24. O-O $16 Qg7 (24... Ra8 $16 {was worth a try.} 25. Rfd1 Ra7) 25. Qxg7+ $18 Kxg7 26. Rfd1 Re7 27. f3 h6 (27... Kf8 $142 28. g4 fxg4) 28. g4 fxg4 (28... f4 $142 29. Kf2 Kh8) 29. fxg4 {White is clearly winning.} Kf8 30. Be4 Ke8 31. Bc6 b4 32. axb4 axb4 33. cxb4 Bxc6 34. Rxd8+ {KRR-KRB} Kf7 35. Rf1+ Kg7 36. Rd6 Be4 37. b5 Rb7 38. b6 Bd5 39. Ra1 {Accuracy: White = 71%, Black = 40%.} 1-0

[Event "GER-ch Blitz Women 2020"]
[Site "Magdeburg"]
[Date "2020.08.15"]
[Round "8.2"]
[White "Sieber, Fiona"]
[Black "Kosovska, Olena"]
[Result "1-0"]
[WhiteElo "2201"]
[BlackElo "1881"]
[Annotator "TA"]
[PlyCount "135"]
[EventDate "2020.07.28"]
[EventType "tourn"]
[EventCountry "GER"]
[SourceTitle "playchess.com"]
[Source "ChessBase"]
[SourceQuality "1"]

{[%evp 23,135,29,15,28,59,31,60,16,37,22,106,79,144,106,112,69,110,64,80,89,114,89,91,29,118,29,109,62,118,117,120,125,117,128,125,114,174,174,181,174,174,174,174,174,340,340,338,331,343,340,338,274,338,320,371,320,463,433,441,426,538,516,493,447,580,559,612,604,606,554,520,500,547,526,587,414,422,402,681,647,1374,606,939,920,936,911,949,722,591,0,830,828,745,710,2314,2043,3210,2489,12842,12842,12843,12843,29990,29991,29991,29991,29991,29992,29992,29993,29993,12849,12850,12849]} 1. e4 e5 2. Nf3 Nc6 3. Bb5 a6 4. Ba4 Nf6 5. O-O b5 6. Bb3 Be7 7. Re1 O-O 8. c3 d5 9. exd5 Nxd5 10. Nxe5 Nxe5 11. Rxe5 c6 12. d3 Bd6 13. Re1 {C89: Closed Ruy Lopez: Marshall Attack.} Qh4 14. g3 Qh3 {[#] White must now prevent ...Bg4.} 15. Qf3 {[#] White is slightly better.} Be6 $146 ({Predecessor:} 15... Bf5 16. Be3 Bxd3 17. Nd2 Bf5 18. Bxd5 cxd5 19. Qxd5 Rfd8 20. Qg2 Qxg2+ 21. Kxg2 b4 {1-0 (64) Sarana,A (2664)-Sethuraman,S (2634) Saint Louis 2019}) 16. Nd2 {[%cal Bb1d2,Bd2e4,Be4g5,Bg5f3,Bf3e5][%mdl 32]} a5 (16... Rae8 $11 17. Ne4 Bg4) 17. Ne4 Bc7 (17... a4 $142) 18. Ng5 Qf5 19. Bd2 a4 20. Bc2 Qxf3 21. Nxf3 Rad8 22. Ne5 Ne7 23. Rad1 (23. d4 $16) 23... c5 (23... Bxa2 $11 24. c4 f6) 24. Bf4 (24. c4 $16) 24... Bb8 (24... Nd5 $11 {keeps the balance.}) 25. a3 {Black is now going downhill.} Ng6 ({Black should play} 25... Rfe8 $14) 26. Nxg6 $16 hxg6 27. Bxb8 Rxb8 28. Re5 Rbc8 29. d4 cxd4 (29... Bg4 $16) 30. Rxd4 $18 Bc4 31. Bd3 Bxd3 32. Rxd3 {[%mdl 4096] Endgame KRR-KRR} Rb8 33. Rdd5 Rfd8 $2 (33... f6 {was called for.} 34. Re7 Rfd8) 34. Rxd8+ ({Weaker is} 34. Rxb5 f6 $18) 34... Rxd8 35. Rxb5 {KR-KR} Rd2 36. Kg2 Kf8 37. Kf3 Ke7 38. Ke3 Rc2 39. h4 f6 (39... Kd6 $142 40. Rb4 Kd5) 40. Rb7+ Ke6 41. Rb4 Kf5 42. Rxa4 Rxb2 43. Ra7 Rb3 44. Kd4 Rb2 45. f3 Rf2 46. Ke3 Rc2 47. Rc7 Ke6 48. a4 {[%cal Ba3a4,Ba4a5][%mdl 32]} Ra2 49. Rc4 Ra3 50. Kd4 g5 (50... Kd6 $142 51. Kd3 f5) 51. h5 Kf5 52. Rc5+ Ke6 53. a5 Kd6 54. Rb5 Ra1 55. Rb6+ Kc7 56. Rb5 $2 (56. Ra6 $18 Kb7 57. Re6) 56... Kc6 $2 {[%mdl 8192]} (56... Kd6 $11 57. Rb7 Rxa5 58. Rxg7 Rd5+ 59. Ke3 Rd1) 57. c4 Rd1+ 58. Ke4 Re1+ 59. Kf5 Re3 60. Kg6 Rxf3 61. Kxg7 Rxg3 62. h6 {[#] Intending h7 and mate.} Rh3 63. h7 g4 64. h8=Q Rxh8 65. Kxh8 g3 66. a6 g2 67. Rb1 (67. a7 $142 Kd7 68. a8=Q g1=R 69. Qd5+ Ke8 70. Rb8+ Ke7 71. Rb7+ Ke8 72. Qf7+ {[%mdl 64] Double Attack} Kd8 73. Qf8#) 67... f5 68. a7 {Accuracy: White = 63%, Black = 36%.} 1-0

[Event "GER-ch Blitz Women 2020"]
[Site "Magdeburg"]
[Date "2020.08.15"]
[Round "8.3"]
[White "Skibbe, Diana"]
[Black "Muetsch, Annmarie"]
[Result "0-1"]
[WhiteElo "1991"]
[BlackElo "2219"]
[Annotator "TA"]
[PlyCount "78"]
[EventDate "2020.07.28"]
[EventType "tourn"]
[EventCountry "GER"]
[SourceTitle "playchess.com"]
[Source "ChessBase"]
[SourceQuality "1"]

{[%evp 16,78,29,0,0,0,0,-11,-7,-26,-18,-31,-27,-29,-26,-95,-95,-106,-97,-110,-110,-204,-188,-209,-55,-210,-186,-173,-172,-204,-159,-407,-240,-368,-315,-633,-594,-563,-481,-974,-947,-1498,-1475,-29990,-607,-1228,-1140,-1250,-693,-5182,-1542,-29985,-29985,-29983,-29983,-29994,-29991,-29990,-12845,-12845,-12842,-29987,-29988,-29988,-886]} 1. e4 c5 2. Nf3 Nc6 3. d4 cxd4 4. Nxd4 e5 5. Nb5 d6 6. N1c3 a6 7. Na3 b5 8. Nd5 Nge7 9. g3 (9. c4 {looks sharper.} Nd4 10. Nb4 Bd7 11. Bd3 Nec6 12. Nd5) 9... Nxd5 {B32: Sicilian: Löwenthal and Kalashnikov Variations.} 10. exd5 Ne7 11. Bg2 g6 {The position is equal.} 12. c3 Bg7 13. Nc2 Bd7 14. O-O O-O {[#]} 15. a4 $146 (15. Qe2 $11) ({Predecessor:} 15. f4 Nf5 16. Kh1 Re8 17. Qd3 a5 18. Bd2 Rc8 19. Rab1 h5 20. Be4 Rc4 21. b3 Rxe4 22. Qxe4 exf4 23. Qxf4 {½-½ (54) Beaucoudray,M (2010)-Kieffer,C (2148) Pau 2008}) 15... bxa4 $17 16. Ne3 f5 17. Nc4 Bb5 18. b3 (18. Na3 $17) 18... axb3 19. Qxb3 Rc8 $2 ({Black should try} 19... Qc7 $1 $19 20. Nxd6 Bxf1 21. Bxf1 Qxd6) 20. Na5 $2 (20. Nxd6 $1 $15 Qxd6 21. Ba3) 20... Bxf1 21. Bxf1 Rb8 22. Qa2 Kh8 23. Ba3 $2 {This move loses the game for White.} (23. Bg5 $17 {was called for.} Bf6 24. Bh6) 23... e4 (23... Qxa5 $142 24. Bxd6 Qxa2 25. Rxa2 Nxd5) 24. Bb4 (24. Nc4 {was worth a try.}) 24... f4 $19 25. Bxa6 $2 (25. Rd1) 25... fxg3 26. hxg3 e3 27. fxe3 (27. f4 $142 Qd7 28. Nc6 Nxc6 29. dxc6 Qxc6 30. Kh2) 27... Nf5 {[%cal Be7f5,Bf5d6,Bd6f5][%mdl 32]} 28. Nc6 Qg5 {[%mdl 64] Double Attack} 29. Nxb8 Rxb8 (29... Nxg3 $142 30. Qg2 Qxe3+ {[%mdl 64] Double Attack} 31. Kh2 Be5 $1 {[%mdl 512]} 32. Bxd6 Bxd6 33. Bc8 Rf1 34. Rxf1 Nxf1+ {[%mdl 64] Discovered Attack (Double check)} 35. Kh1 Ng3+ 36. Kh2 Ne2+ {[%mdl 64] Discovered Attack} 37. Kh1 Qc1+ 38. Qg1 Qxg1#) 30. Bxd6 Nxd6 31. Qf2 Bxc3 32. Rf1 Be5 33. Kg2 {[#]} Rb2 $1 34. Be2 {[#]} Nf5 $1 {[%mdl 64] Double Attack} 35. Kf3 Rb4 36. Kg2 Nxe3+ (36... Bxg3 $142 37. Qxf5 {[%mdl 64] Remove Defender} gxf5 38. Rxf5 {[%mdl 64] Remove Defender} Qxf5 39. Kxg3 Rb7 40. Bf3 Rf7 41. Kh2 Qxf3 42. d6 Rg7 43. e4 Qh5#) 37. Kg1 Rb8 38. g4 Nxf1 39. Kxf1 Qf4 {Accuracy: White = 23%, Black = 67%.} (39... Rb1+ $142 40. Kg2 Qh6 41. Kf3 Qf4+ 42. Kg2 Qh2+ 43. Kf3 Rb3+ 44. Bd3 Rxd3+ {[%mdl 64] Double Attack} 45. Ke2 {[#]} Rd2+ $1 {[%mdl 576] Skewer, Deflection} 46. Kxd2 Qxf2+ 47. Kd3 Qd4+ $1 {[%mdl 576] Double Attack} 48. Ke2 Bf4 49. g5 Qd2+ 50. Kf3 Qe3+ 51. Kg2 Qe2+ 52. Kh3 Qh2+ 53. Kg4 Qg3#) 0-1

[Event "GER-ch Blitz Women 2020"]
[Site "Magdeburg"]
[Date "2020.08.15"]
[Round "8.4"]
[White "Scognamiglio, Stefanie"]
[Black "Birkholz, Olga"]
[Result "0-1"]
[WhiteElo "2097"]
[BlackElo "2001"]
[Annotator "TA"]
[PlyCount "68"]
[EventDate "2020.07.28"]
[EventType "tourn"]
[EventCountry "GER"]
[SourceTitle "playchess.com"]
[Source "ChessBase"]
[SourceQuality "1"]

{[%evp 9,68,6,6,4,0,8,7,0,-1,-13,0,0,0,-6,10,-1,0,0,2,8,33,35,21,20,36,18,22,0,35,17,23,29,23,-83,-85,-78,-79,-147,-153,-158,-91,-95,-72,-179,-154,-171,-174,-169,-145,-145,-140,-119,-87,-92,-64,-74,0,-29985,-29986,-29986,-29987]} 1. e4 c5 2. Nf3 d6 3. d4 cxd4 4. Bc4 e6 5. O-O Nf6 6. Qe2 {B53: Sicilian: 2...d6: Lines with Qxd4.} Be7 7. Nxd4 O-O 8. h3 {The position is equal.} a6 9. a4 Qc7 10. Nc3 Nc6 11. Be3 {[#]} b6 $146 ({Predecessor:} 11... Bd7 12. f4 Rac8 13. Bb3 Na5 14. f5 Nc4 15. Rab1 e5 16. Nf3 Nxe3 17. Qxe3 d5 18. Qe2 dxe4 19. Nxe4 Bxf5 {0-1 (59) Nouira,N (1859)-Bensadi,L (1867) Monastir 2017}) 12. Rfd1 Bb7 13. Nxc6 Qxc6 14. Bd3 d5 15. exd5 exd5 16. Bd4 Rfe8 {Hoping for ...Bc5.} 17. Qf3 Ne4 18. Qg4 {[%csl Gd4][%cal Rg4g7]} Bf6 (18... Bf8 {is interesting.} 19. Ne2 g6 20. Qf3 Ng5 21. Qg3 Ne4) 19. Bxe4 dxe4 20. Bxf6 Qxf6 21. Nd5 (21. Qg3 $11) 21... Bxd5 $1 $17 22. Rxd5 Qxb2 {[%mdl 64] [#] Double Attack} 23. Rad1 (23. Qd1 $142) 23... Qxc2 24. Qd7 Qc8 (24... g6 $142 25. Re1 Re6) 25. Qd6 Re6 26. Qb4 (26. Qd8+ $17 {is a better defense.} Qxd8 27. Rxd8+ Re8 28. R8d7) 26... h6 $19 27. Qd2 Qc4 28. Rd4 Qc6 29. Rc1 Qe8 30. Rc7 e3 31. fxe3 Rxe3 32. Rdd7 $1 {[%cal Rd7f7]} Re1+ (32... Re2 $17 33. Qf4 Qe3+ 34. Qxe3 Rxe3) 33. Kh2 $2 {[%mdl 8192] [#]} (33. Kf2 $11 Re6 34. Rxf7 Qxf7+ 35. Rxf7 Kxf7 36. Qd7+ Kf6 37. Qd4+ Kg6 38. Qd3+ Kf7 39. Qd7+ Kf6 40. Qd4+ Kg6 41. Qd3+ Kf7 42. Qd7+) 33... Qe5+ 34. g3 Re2+ {Accuracy: White = 75%, Black = 71%.} 0-1

[Event "GER-ch Blitz Women 2020"]
[Site "Magdeburg"]
[Date "2020.08.15"]
[Round "8.5"]
[White "Michna, Marta"]
[Black "Zimmer, Elke"]
[Result "1-0"]
[WhiteElo "2350"]
[BlackElo "1952"]
[Annotator "TA"]
[PlyCount "193"]
[EventDate "2020.07.28"]
[EventType "tourn"]
[EventCountry "GER"]
[SourceTitle "playchess.com"]
[Source "ChessBase"]
[SourceQuality "1"]

{[%evp 9,193,21,69,-3,13,0,0,0,0,-8,13,14,16,-47,38,28,43,1,75,68,88,90,86,83,80,83,63,76,113,92,112,93,103,102,100,93,97,94,107,109,110,85,83,84,83,83,110,74,92,106,214,153,231,214,218,125,246,49,334,336,332,321,462,470,443,281,277,261,337,238,347,268,393,389,406,346,347,254,254,254,254,254,253,238,410,401,412,408,775,774,925,922,1346,1268,1456,1299,984,261,261,261,261,254,261,254,280,254,261,261,261,254,254,254,254,254,254,254,254,254,254,254,828,254,254,254,254,0,254,254,254,254,254,254,254,254,254,254,254,254,254,254,254,254,261,254,261,254,261,0,603,588,596,566,492,504,369,287,287,287,1458,1045,1392,1377,1385,1230,1474,1037,1508,1427,551,125,125,125,125,125,125,125,125,125,29968,29969,6641,6021,29991,29974,29967,8]} 1. d4 d5 2. Bf4 Nf6 3. e3 Nc6 4. h3 h6 5. Nf3 Bf5 6. c3 {D00: 1 d4 d5: Unusual lines.} (6. Bb5 $14) 6... a6 7. Nbd2 e6 {[#]} 8. a4 $146 {The position is equal.} ({Predecessor:} 8. Rc1 Be7 9. c4 Bd6 10. Bxd6 Qxd6 11. cxd5 Qxd5 12. Bc4 Qa5 13. Qe2 Qb4 14. O-O Qxb2 {0-1 (41) Kochanek,T (1202)-Przybylik,A (1041) Warsaw 2019}) 8... Bd6 9. a5 Bxf4 10. exf4 Ne4 11. Be2 (11. h4 $11) 11... f6 (11... g5 $1 $15) 12. Nxe4 $14 Bxe4 13. Nd2 Bg6 (13... Bxg2 $11 {keeps the balance.} 14. Rh2 Be4) 14. Bh5 Kf7 15. Bxg6+ Kxg6 16. O-O Re8 17. Qg4+ Kh7 18. Rfe1 f5 19. Qe2 (19. Qh5 {feels hotter.} g6 20. Qf3 Nb8 21. Re3 Qd6 22. Qe2) 19... Qf6 20. Nf3 Re7 21. h4 Na7 {[%cal Bc6a7,Ba7b5,Bb5d6,Bd6e4][%mdl 32]} 22. Qc2 Nb5 23. g3 Nd6 24. Kg2 Rc8 25. Qd3 c5 26. dxc5 Rxc5 27. Re2 Ne4 28. Ne5 Rec7 29. h5 Qe7 (29... Re7 $16) 30. Rae1 Rxa5 (30... Rb5 $16 {might work better.} 31. f3 Nc5) 31. Ng6 Qe8 32. Qb1 (32. f3 $18) 32... Qb5 (32... Rb5 $16) 33. Qd1 $2 ({Better is} 33. f3 $18) 33... Ra2 $2 {[%mdl 8192]} (33... Rc8 $1 $14) 34. Nf8+ $18 {[%mdl 64] Double Attack} Kg8 35. Nxe6 Rd7 (35... Rf7 $142 36. Nd4 Qd7) 36. Nd4 $1 {[%csl LRb5,LRf5]} Qa4 {Black hopes to continue with ...Qxd1.} 37. Qxa4 Rxa4 38. Nxf5 Kf7 39. Nd4 Ra2 (39... Nf6 {was called for.} 40. Re5 b5) 40. f3 Nf6 (40... Nd6 $142 41. g4 Nc4) 41. g4 b5 42. Nc6 Rc7 43. Nb4 Ra4 44. Rd2 a5 45. Nxd5 Rd7 46. Red1 $1 Nxd5 $2 (46... Ra2 47. Nxf6 Rxd2+ 48. Rxd2 Kxf6) 47. Rxd5 Rxd5 48. Rxd5 {[%mdl 4096] Endgame KR-KR} b4 (48... Rxf4 $142 49. Rxb5 Ra4) 49. cxb4 Rxb4 50. Rxa5 Rxb2+ 51. Kg3 Rd2 52. Ra7+ Kf6 {[#]} 53. f5 $2 (53. g5+ $1 hxg5 54. Ra6+ Kf7 55. fxg5) 53... Rd3 54. Ra6+ Kf7 55. Ra4 Rc3 56. Kf4 Kf6 57. Ra7 Rc4+ 58. Kg3 Rc3 59. Ra8 Rb3 60. Rd8 Ke7 61. Rd4 Kf6 62. Kf4 Rb1 63. Re4 Kf7 64. Ra4 Rg1 $2 (64... Kf6 65. Ra6+ Kf7) 65. Ke5 $2 (65. Ra7+ Kf6 66. Ra6+ Kf7 67. f6) 65... Re1+ 66. Re4 Rb1 67. Ra4 $2 (67. Kd4 $18) 67... Rb5+ $2 {[%mdl 8192]} (67... Re1+ $1 $11 {and Black stays safe.} 68. Re4 Rf1) 68. Kf4 Rb6 69. Ra7+ Kf6 70. Ke4 Rb4+ 71. Ke3 Rb6 72. Kf2 Rb2+ 73. Kg3 Rb3 74. Ra6+ Kf7 75. Re6 Rc3 76. Re4 Rc1 77. Rf4 Kf6 78. Re4 $2 (78. Rb4 $18) 78... Rg1+ $2 {[%mdl 8192]} (78... Kf7 $11 79. Ra4 Rc3 80. Ra7+ Kf6) 79. Kf2 Rc1 80. Re6+ Kf7 81. f4 Rc3 82. Re3 Rc2+ 83. Kg3 Rc1 $2 (83... Rc5 84. g5 Rc1) 84. g5 Rg1+ {[#]} 85. Kh4 $1 Rh1+ 86. Rh3 Rf1 87. Kg4 Rg1+ 88. Rg3 Rf1 89. f6 $2 (89. g6+ $18 Kf6 90. Ra3 Rg1+ 91. Kf3) 89... hxg5 $16 90. fxg5 {Rb3 is the strong threat.} gxf6 {[#]} 91. g6+ $1 Kg7 92. Ra3 {Black must now prevent Ra7+.} Rg1+ 93. Kf4 {Threatens to win with Ra7+.} Kh6 $2 {[%mdl 8192]} (93... Rg5 $16) 94. Kf5 Rf1+ 95. Ke6 Kxh5 96. Kf7 Rc1 97. Ra7 $2 {[%mdl 32768] Accuracy: White = 69%, Black = 53%. . Loss on time!?} (97. g7 {mates} Rc7+ 98. Kxf6 Rxg7 99. Kxg7 Kg4 100. Kf6 Kf4 101. Rd3 Ke4 102. Rd7) 1-0

[Event "GER-ch Blitz Women 2020"]
[Site "Magdeburg"]
[Date "2020.08.15"]
[Round "8.6"]
[White "Osmanodja, Filiz"]
[Black "Frey, Alisa"]
[Result "0-1"]
[WhiteElo "2293"]
[BlackElo "2087"]
[Annotator "TA"]
[PlyCount "128"]
[EventDate "2020.07.28"]
[EventType "tourn"]
[EventCountry "GER"]
[SourceTitle "playchess.com"]
[Source "ChessBase"]
[SourceQuality "1"]

{[%evp 20,127,11,-8,25,16,20,17,15,10,21,-44,-38,-23,0,0,0,-33,0,0,7,-68,-50,-222,-201,-95,-68,-75,0,0,11,0,0,-14,0,-25,-14,-102,-108,-189,-189,-236,0,-895,-416,-415,-427,-410,-410,-685,-642,-6052,-6052,-6045,-6045,-5106,-5181,-6041,-5945,-29985,-8831,-29983,-29984,-29986,-29985,-29985,-29986,-29986,-29987,-29986,-29987,-29989,-29987,-29992,-29990,-29988,-29989,-29989,-29990,-29994,-29995,-29998,-29995,-29998,-29993,-29995,-29993,-29993,-29989,-29989,-29990,-29992,-29993,-29993,-29994,-29995,-29992,-29998,-29997,-29997,-29997,-29997,-29997,-29997,-29997,-29998,-29998,-29998,-29999,-29999]} 1. e4 e5 2. Nf3 Nc6 3. Bb5 a6 4. Ba4 Nf6 5. Nc3 b5 6. Bb3 Be7 7. O-O O-O 8. Re1 d6 9. Nd5 Na5 10. Nxe7+ Qxe7 11. d4 Bb7 {C84: Closed Ruy Lopez: Unusual White 6th moves.} 12. Bg5 Nxb3 13. axb3 h6 {The position is equal.} 14. Bh4 {[#]} g5 $146 {[#]} ({Predecessor:} 14... Qe6 15. Qd3 Bxe4 16. Rxe4 Nxe4 17. Qxe4 f5 18. Qc6 e4 19. Nd2 g5 20. Bg3 f4 21. Nxe4 fxg3 22. hxg3 {0-1 (43) Westerinen,H-Saren,I Helsinki 1972}) 15. dxe5 (15. Nxg5 $1 $11 {[%mdl 512]} hxg5 16. Bxg5) 15... dxe5 $15 16. Bg3 Rfd8 ({Much worse is} 16... Bxe4 17. Nxe5 Rfe8 18. Qd4 $14) 17. Qc1 Nxe4 18. Bxe5 Qc5 19. Re3 Re8 20. Bd4 (20. Qe1 $11 f5 21. b4) 20... Qf5 {And now ...g4 would win.} 21. Re1 $2 (21. Rd3 $15) 21... c5 $19 22. Be3 Rad8 {Threatens to win with ...Nf6.} 23. h3 Qd5 (23... Rd6 $17) 24. c4 $11 bxc4 25. bxc4 Qc6 26. Ra3 f5 27. Qc2 g4 28. hxg4 (28. Nh4 $1 $11 {was the only way to keep the balance.}) 28... fxg4 $17 29. Nh4 (29. Nh2 $17 Ng5 30. f3 gxf3 31. gxf3) 29... Qf6 $36 {[%mdl 2048] ...Rd2! is the strong threat. Black has strong initiative.} 30. g3 {[#]} Qc6 $2 ({Black should play} 30... Rd2 $1 $19 {[%cal Rd2c2][%mdl 512]} 31. Qc1 (31. Bxd2 Qxf2+) 31... Rxb2) 31. Bf4 $2 {[%mdl 8192] [#]} (31. Qa4 $11 Qf6 32. Rd3) 31... Ng5 (31... Nxg3 $142 $1 {[%csl Gb7,Gg3][%cal Rc6h1][%mdl 512]} 32. Rxe8+ (32. Rxg3 Qh1#) 32... Rxe8) 32. Rxe8+ Rxe8 {[%csl Gb7][%cal Rc6h1]} 33. f3 Nxf3+ 34. Nxf3 (34. Rxf3 $142 gxf3 35. Qd3) 34... gxf3 35. Qf2 {If White can now play Re3 this consolidates a bit.} Re2 {( -> ...Qe4)} 36. Qxf3 Qxf3 37. Rxf3 Bxf3 38. Kf1 Rxb2 39. Bxh6 Rh2 (39... Re2 $142 40. Bf4 Rc2 41. Bd6 Rxc4 42. Kf2 Rc3 43. Kg1 c4 44. Bf4 Rd3 45. Kf2 Kf7 46. g4 Bxg4 47. Be3 c3 48. Bf4 a5 49. Bc1 a4 50. Kf1 Rd1+ {[%mdl 64] Double Attack} 51. Kf2 Rxc1 52. Kg2 a3 53. Kf2 a2 54. Ke3 a1=Q 55. Ke4 Qa4+ 56. Kd3 Rd1+ 57. Kxc3 Be6 58. Kb2 Qb3#) 40. Bf4 Kf7 {Black mates.} 41. Kg1 Rg2+ 42. Kf1 Ke6 43. Be3 Kf5 44. Bxc5 Ke4 45. Bb6 Kd3 46. c5 Bc6 47. Ba5 Rxg3 48. Be1 Rf3+ 49. Kg1 Ke2 50. Bb4 Rb3 51. Ba5 {[#]} Rb5 $1 52. Bb6 a5 53. Kh2 a4 54. Kg3 a3 55. Kf4 a2 56. Ke5 a1=Q+ 57. Kd6 Qd4+ 58. Kc7 Rxc5 59. Bxc5 Qxc5 60. Kb8 Bb5 61. Ka8 Qe7 62. Kb8 Kd3 63. Kc8 Ba6+ 64. Kb8 Qb7# {Accuracy: White = 40%, Black = 67%.} 0-1

[Event "GER-ch Blitz Women 2020"]
[Site "Magdeburg"]
[Date "2020.08.15"]
[Round "8.7"]
[White "Braun, Kristin"]
[Black "Zschischang, Marine"]
[Result "1-0"]
[WhiteElo "1918"]
[BlackElo "2070"]
[Annotator "TA"]
[PlyCount "81"]
[EventDate "2020.07.28"]
[EventType "tourn"]
[EventCountry "GER"]
[SourceTitle "playchess.com"]
[Source "ChessBase"]
[SourceQuality "1"]

{[%evp 11,81,7,33,2,5,0,0,21,0,11,10,12,22,18,17,6,14,-27,0,-16,-21,-27,0,0,0,-3,17,-13,-9,-9,-6,-6,15,-29,-18,-44,-5,-76,-60,-71,-77,-75,-47,-105,-110,-97,-82,-83,-80,-147,-142,-158,-140,-166,-151,-155,-103,-131,-124,-145,-114,-137,-113,-115,-113,-154,-125,-137,-28,-41,0,-62]} 1. e4 e6 2. d4 d5 3. exd5 exd5 4. Nf3 Nf6 5. c4 c6 6. Nc3 Be7 7. Bf4 {C01: French: Exchange Variation.} O-O 8. Be2 dxc4 9. Bxc4 Nbd7 {[%cal Bb8d7,Bd7b6,Bb6d5][%mdl 32]} 10. O-O Nb6 11. Bb3 Nbd5 12. Bg3 {[#]} Bg4 $146 ({Predecessor:} 12... Be6 13. Bc2 Bg4 14. a3 Nh5 15. Qd3 g6 16. Rae1 Bf5 17. Qd2 Nxg3 18. fxg3 Bxc2 19. Qxc2 {0-1 (53) Osinaga,E (1755)-Cardozo,C (1459) Montevideo 2019}) 13. h3 Bh5 14. a3 Re8 15. Qd3 Bg6 16. Qd2 Ne4 17. Nxe4 Bxe4 18. Ne5 f6 19. Ng4 Bd6 20. Rae1 Bxg3 21. fxg3 Qd6 22. Qf4 (22. Ne5 {is more complex.} Bxg2 23. Kxg2 fxe5 24. dxe5 Qe6 25. Bd1) 22... Qxf4 23. gxf4 Kf8 24. Rf2 (24. Ne5 $11) 24... h5 25. Ne3 Nxe3 26. Rxe3 Bf5 27. Rfe2 (27. Rxe8+ $15 Rxe8 28. Rd2) 27... Rxe3 $17 28. Rxe3 {[%mdl 4096] Endgame KRB-KRB} Rd8 29. d5 cxd5 30. Re1 (30. Rc3 $142) 30... d4 31. Rd1 Rd6 32. Ba2 Ke7 33. Kf2 Bd7 (33... h4 $142 34. Kf3 Bd7) 34. Re1+ Kd8 35. Rd1 Bc6 36. g4 hxg4 37. hxg4 Kc7 38. b4 Kb6 39. Bb3 Be4 ({Black should try} 39... a5 $17 {Hoping for ...axb4.} 40. bxa5+ Kxa5) 40. Re1 $11 Bc6 41. Ke2 {[%mdl 32768] Accuracy: White = 60%, Black = 74%. . Sensor Board Error (Ke4/e5)?} (41. Rd1 $1 $11) 1-0

[Event "GER-ch Blitz Women 2020"]
[Site "Magdeburg"]
[Date "2020.08.15"]
[Round "8.8"]
[White "Mader, Lena"]
[Black "Heinemann, Josefine"]
[Result "0-1"]
[WhiteElo "1839"]
[BlackElo "2281"]
[Annotator "TA"]
[PlyCount "44"]
[EventDate "2020.07.28"]
[EventType "tourn"]
[EventCountry "GER"]
[SourceTitle "playchess.com"]
[Source "ChessBase"]
[SourceQuality "1"]

{[%evp 19,44,22,0,-19,-17,-52,13,19,10,12,18,14,8,8,12,5,28,14,46,29,74,62,82,54,83,87,92]} 1. c4 c5 2. Nc3 g6 3. g3 Bg7 4. Bg2 Nc6 5. d3 d6 6. a3 e5 7. e3 Nge7 8. Nge2 O-O 9. O-O Rb8 10. Rb1 a5 11. h3 {A36: Symmetrical English vs ...g6: 4 Bg2 Bg7.} Be6 {[#]} 12. f4 $146 ({Predecessor:} 12. e4 Nd4 13. b4 Nxe2+ 14. Qxe2 axb4 15. axb4 cxb4 16. Rxb4 Nc6 17. Rb1 Nd4 18. Qd1 Qd7 19. Kh2 b5 20. Nxb5 Nxb5 21. cxb5 Rxb5 {½-½ (21) Miezis,N (2519)-Stevic,H (2607) Khanty-Mansiysk 2010}) 12... d5 ({Better is} 12... Qd7 $15) 13. cxd5 {The position is equal.} Nxd5 14. Nxd5 Bxd5 15. e4 $1 {[%cal Re4d5]} Be6 16. f5 Bc8 17. g4 f6 18. h4 Nd4 19. Be3 Nxe2+ 20. Qxe2 b6 21. Rbd1 Ba6 22. g5 Qd7 {[%mdl 32768] Accuracy: White = 83%, Black = 58%. . Loss on time!?} 0-1